[Event "Montecatini Terme"]
[Site "Montecatini Terme"]
[Date "2000.08.01"]
[Round "5"]
[White "Rublevsky, Sergei"]
[Black "Piket, Jeroen"]
[Result "1/2-1/2"]
[WhiteElo "2670"]
[BlackElo "2649"]
[Annotator "Finkel,A"]
[PlyCount "86"]
[EventDate "2000.07.28"]
[EventType "tourn"]
[EventRounds "7"]
[EventCountry "ITA"]
[EventCategory "17"]
[SourceTitle "CBM 079"]
[Source "ChessBase"]
[SourceDate "2000.11.21"]
[SourceVersion "1"]
[SourceVersionDate "2000.11.21"]
[SourceQuality "1"]

1. e4 g6 2. d4 Bg7 3. Nc3 c6 4. Bc4 d6 5. Qf3 e6 6. Nge2 b5 7. Bb3 (7. Bd3 e5 (
7... b4 8. Nb1 Bb7 9. O-O Ne7 10. Qh3 O-O 11. Nd2 Nd7 12. Nc4 Nb6 13. Na5 $14 {
Vodicka,V-Nedela,V/CZE-chT 9596}) (7... Nd7 8. O-O Ne7 9. Qg3 e5 10. d5 $5 cxd5
11. Nxd5 Nxd5 12. exd5 a6 13. a4 bxa4 14. Nc3 f5 15. Bxf5 $16 {Vasiukov,
E-Zilberman,N/Belgorod/1990}) 8. Be3 Nf6 9. dxe5 dxe5 10. Rd1 Nbd7 11. Nc1 O-O
12. Nb3 Qc7 13. h3 a6 $132 {Liss,E-Kanstler,B/Rishon le Zion/1994}) 7... a5 {
Black ignores development, which enables White to open the position to his
advantage.} 8. a3 (8. a4 b4 9. Nd1 Ba6 10. Be3 d5 11. exd5 cxd5 12. c4 Ne7 13.
cxd5 Nxd5 14. Rc1 O-O 15. Bxd5 exd5 16. b3 Re8 17. O-O Nd7 18. Re1 Nf6 19. Nb2
Ne4 20. Nf4 Ra7 21. Nfd3 Rae7 $36 {[%csl Ga6,Gg7,Rc3,Rd4][%cal Ge7e1] <->e,
><d4,c3,^^, Geenen,M-Zilberman,N/Manila olm/1992/}) 8... Ba6 9. d5 {White now
launches a strong attack against the Black King without even bothering to
castle herself.} (9. O-O Nd7 (9... Ne7 10. Bf4 O-O 11. Rfe1 Qc7 12. Rad1 Nd7
13. Qg3 Nc8 14. Qh4 b4 15. Na4 e5 16. dxe5 Nxe5 17. Bh6 Bb5 18. Nf4 Qd8 19.
Qxd8 Rxd8 20. Bxg7 Kxg7 21. axb4 Bxa4 22. Bxa4 axb4 23. Bb3 Nb6 24. Ra1 Kf6 25.
Nd3 Nxd3 26. cxd3 $10 {Sideifzade-Ivanov,A /Tashkent 1L/1980/}) 10. Bf4 Qe7 11.
Rad1 (11. e5 $5 d5 12. Nd1 $14 {[%csl Gd4,Ge5] @,()[+]>>}) 11... e5 12. Bg5
Ngf6 13. d5 $6 c5 14. a4 b4 15. Nb5 Nb6 16. Qd3 c4 17. Bxc4 Nxa4 18. Ra1 Nxb2
19. Qb3 Nxc4 20. Qxc4 Rc8 21. Qd3 Qd8 22. c4 O-O 23. Ra2 Rxc4 $1 24. Bxf6 Bxf6
25. Qxc4 Qb6 $17 {Nunn,J-Shirov,A/BL 9596/1996/}) 9... cxd5 (9... exd5 $142 $5
10. exd5 c5 11. O-O (11. a4 $5 b4 12. Nb5 $13 (12. Nb5 Bxb5 13. axb5 Nf6 14. c4
$14)) 11... Nf6 12. Bg5 h6 13. Bh4 g5 14. Bg3 O-O 15. a4 b4 16. Nb5 $14 {
Löw,G-Breutigam,M/BL 9596}) (9... b4 10. dxe6 fxe6 11. Nd1 (11. Bxe6 $2 Qe7 12.
Bxg8 bxc3 $19) 11... Qe7 12. Nf4 d5 13. Qh3 $16 {->}) 10. exd5 e5 {Now
formally the central pawn structure favors Black (f5,e4), but White's lead in
development gives him an active position and enables him to restrain Black's
pawns (and later successfully attack them). Although Black has a nice pawn
structure in the center, (d6,e5-d5) he is far behind in development and White
uses the d5-wedge to great effect. Also Black can't consider f5, till it would
allow White's N to e6.} 11. Ne4 h6 {/\f5} (11... f5 $2 12. Ng5 {[%csl Re6] ><e6
}) 12. g4 $5 (12. Qg3 Nf6 (12... Ne7 $6 13. f4 f5 14. fxe5 $5 Bxe5 15. Bf4 Bxf4
16. Nxf4 fxe4 17. Ne6 $44 {[%csl Re8][%cal Rg3c3] עe8,/\Qc3}) 13. Nxf6+ Qxf6
$13) (12. h4 f5 13. Nd2 Ne7 14. a4 b4 15. h5 g5 16. Bc4 O-O $17 {Sargissian,
G-Galdunts,S/Erevan op (05)/1996}) 12... Nf6 13. N2c3 Nxe4 14. Nxe4 O-O 15. Qh3
(15. g5 hxg5 16. Bxg5 Qc7 17. Bf6 a4 18. Bxg7 Kxg7 19. Qf6+ Kg8 20. Rg1 axb3
21. Rg4 Nd7 $11 {Pedersen,S-Webster,A/Owens Corning 1998}) (15. Rg1 Bc8 16. Be3
Na6 17. c3 b4 18. cxb4 axb4 19. a4 f5 20. gxf5 Bxf5 21. Qg2 Rc8 22. Ng3 Qf6 {
1/2-1/2 Bauer,C-Van der Wiel,J/Hoogovens-B 1999}) 15... f5 (15... Nd7 $2 16.
Bxh6 Nc5 17. Ng5 Bf6 18. Bg7 $1 {1-0,Zulfugarli,M-Bologan,V/Nikolaev zt/1995/})
(15... Kh7 {Stohl} 16. Bxh6 Bxh6 17. g5 $16) 16. gxf5 Bc8 (16... gxf5 17. Bxh6
fxe4 18. Bxg7 Kxg7 19. Rg1+ $18) (16... Rxf5 17. Bxh6 Rh5 18. Qe6+ $16) 17. Ng3
(17. Bxh6 $2 Bxf5 18. Qe3 Bxh6 $19) 17... Rxf5 {A wild position arose, with
both Ke1 and Kg8 relatively unsafe.} (17... gxf5 18. Qg2 $5 (18. Nh5 f4 19. Qg2
(19. Qf1 Qh4 20. Nxg7 $16) 19... Qg5 (19... Ra7 20. Rg1 Rff7 21. Bd2 Qh4 $132)
20. Qxg5 hxg5 $13) (18. f4 $1) 18... Qh4 (18... f4 19. Ne4 $36) 19. Rg1 Rf7 20.
Bd2 $14) (17... Bxf5 18. Nxf5 Rxf5 19. c3 $1 $36 {[%cal Gb1h7,Gg1g7] /
\Bc2-><->g,/^b1-h7} (19. Bxh6 $2 Rh5 $19)) 18. Qg2 (18. Nxf5 Bxf5 19. Qg2 (19.
Qg3 a4 20. Ba2 Nd7 $44) 19... Qh4 $5 (19... a4 20. Ba2 Bxc2 21. Bb1 Bxb1 22.
Rxb1 Qf6 23. Be3 Nd7 24. O-O Qf5 25. Rbc1 $14) 20. Rg1 a4 21. Ba2 Nd7 $44 {
[%csl Re1] @,עe1}) 18... a4 (18... Rf7 19. c3 Nd7 20. Bc2 Nf8) 19. Ba2 Rf4 (
19... Rf7 $5 20. Ne4 Bf5 $13) 20. c3 (20. Bxf4 $6 exf4 21. Ne4 Bf5 22. O-O-O b4
$1 23. axb4 a3 $40) 20... Qh4 $5 $146 {[%cal Gc8h3] This move is the novelty,
which seems to change the theoretical verdict that white has significient
positional advantage.} (20... Rh4 21. h3 Bf5 $2 22. Nxf5 gxf5 23. Qg6 Qf8 24.
Be3 $36 {[%cal Gg1g6] Anand,V-Shirov,A/Dos Hermanas 1996}) 21. h3 $5 {
Preventing black bishop to come to h3.} (21. Bxf4 exf4 22. Ne4 Bf5 (22... Bh3
23. Qxg6) 23. Nd2 Nd7 (23... Qe7+ 24. Kd1 $16) 24. O-O-O b4 25. axb4 a3 $44)
21... Rf7 (21... Na6 $5) 22. Ne4 Ra6 23. Be3 Bf5 24. Bb1 Nd7 25. Bd3 Nf6 26.
Nxf6+ Rxf6 27. Bxf5 ({Nothing promises} 27. Bxb5 Be4 28. Qf1 (28. Qg4 Qxg4 29.
hxg4 Ra5 $19 {[%cal Ga5b5,Ge4h1]}) 28... Bxh1 29. Qxh1 (29. Bxa6 Bxd5 30. O-O-O
Bb3 31. Rd2 d5 $15) 29... Ra8 30. O-O-O h5 $13) 27... gxf5 28. Rg1 Rf7 29.
O-O-O (29. Qg6 f4 30. Bc5 Qf6 (30... Qxh3 31. O-O-O Qf5 32. Qxh6 $36) 31. Qxf6
Rxf6 32. Bb4 Kf7 33. Ke2 e4 $13) 29... f4 30. Bd2 Raa7 31. Qg6 Rf6 (31... Qf6
32. f3 Qxg6 33. Rxg6 Rf6 34. Rdg1 Rxg6 35. Rxg6 Rd7 36. Kc2 $14) 32. Qe8+ Kh7
33. Rdf1 (33. Qxb5 Qxf2) 33... Qxh3 34. Qxb5 (34. f3 $6 Qd7 $15) 34... Qf3 $5 (
34... e4 $5 35. Qe8 Qd3 36. Re1 e3 37. fxe3 f3 $132) 35. c4 Rff7 36. Bc3 e4 37.
Qe8 Rae7 (37... Bxc3 $4 38. Qg8#) 38. Qc8 Qh5 39. Re1 e3 40. fxe3 fxe3 41. Bxg7
Rxg7 42. Rxg7+ Rxg7 43. Qe6 Qh4 $1 1/2-1/2

[Event "Linares Anibal op 08th"]
[Site "Linares"]
[Date "2001.01.08"]
[Round "1"]
[White "Vovsha, Eli"]
[Black "Ibragimov, Ildar"]
[Result "1/2-1/2"]
[WhiteElo "2332"]
[BlackElo "2571"]
[Annotator "Finkel,A"]
[PlyCount "66"]
[EventDate "2001.01.08"]
[EventType "swiss"]
[EventRounds "11"]
[EventCountry "ESP"]
[SourceTitle "CBM 081"]
[Source "ChessBase"]
[SourceDate "2001.03.20"]
[SourceVersion "1"]
[SourceVersionDate "2001.03.20"]
[SourceQuality "1"]

{[%mdl 2080]} 1. e4 g6 2. d4 d6 3. Nc3 Bg7 4. Be3 a6 5. Qd2 Nd7 (5... b5 6. f3
Nd7 7. O-O-O Bb7 8. g4 b4 (8... c6 9. h4 Qa5 10. h5 O-O-O 11. Nh3 e5 12. d5 c5
13. Ng5 Rf8 14. a3 $14 {Lupu,M-Sznapik,K/Val Thorens Principal 1994}) 9. Nce2
c5 10. Kb1 Qc7 11. Nc1 a5 12. Nge2 Ba6 13. Nf4 c4 14. Nd5 Qb7 $13 {Hernandez
Penna,S-Hoffman,A/Mar del Plata op 1996}) 6. O-O-O b5 7. g4 Bb7 8. f3 h5 9.
gxh5 Rxh5 10. Nge2 Ngf6 {The arising position is extremly complicated and it's
not so easy for both sides to choose a plan: normally white attacks on the
kingside while black does the same on the other part of the board - it's quiet
clear that this scenario doesn't fit in our case.} (10... e6 11. Ng3 Rh4 12.
Kb1 Bh6 13. Bxh6 Rxh6 14. Bg2 Qh4 15. a4 b4 16. Nce2 $14 {Sluka,R-Spacek,P/
CZE-chT 9596}) (10... c5 11. h4 cxd4 12. Bxd4 Ne5 13. Nf4 Nxf3 14. Qg2 Bxd4 15.
Qxf3 Bxc3 16. Nxh5 Be5 17. Nf4 Qa5 $15 {German,S-Sorokin,M/Najdorf op 1997})
11. Ng3 Rh8 (11... Rh7 12. h4 c6 13. Bg2 Qa5 14. Kb1 Nb6 15. b3 b4 16. Nce2 c5
17. c4 $14 {Sermier,G-Lupu,M/Besancon 1998}) 12. h4 e5 $5 {After this move it
becomes clear that black has decided to leave the king in the center and to
look for the counterplay on the flanks.} (12... c6) (12... c5 13. Bg2 (13. dxc5
dxc5 14. Bg2 (14. h5 Nxh5 15. Nxh5 gxh5 16. Qg2 Bxc3 17. bxc3 Qc7 $17) 14...
Qc7 15. f4 O-O-O $15) 13... Qc7 14. f4 Nb6 15. b3 b4 16. Nce2 a5 $132) 13. d5
Nh5 14. Nce2 Bf6 (14... Qf6 15. Nxh5 $1 (15. Bg5 $6 Qxf3 16. Rg1 Nxg3 17. Nxg3
Bf6 18. Be2 Bxg5 19. hxg5 Qf4 $17) 15... Rxh5 16. Bg2 Qe7 17. Ng3 Rh8 18. h5
$14) (14... Ndf6 $5) 15. Bg5 Qe7 16. Kb1 Nb6 (16... Nxg3 17. Nxg3 Bxg5 18. hxg5
Rxh1 19. Nxh1 $14) 17. Bh3 Bc8 18. Bxc8 Rxc8 19. Nxh5 Rxh5 20. Qa5 $5 {White
gives up his kingside and starts an actions on the queenside.} Bxg5 (20... Ra8
21. Qc3 $1 Bxg5 22. hxg5 Qxg5 23. Qxc7 $16) 21. hxg5 Qxg5 22. Qxa6 Rxh1 23.
Rxh1 (23. Qxb5+ $4 c6 $19) 23... Qg2 24. Re1 (24. Rh8+ $2 Kd7 25. Rxc8 (25.
Qxb5+ {[%csl Rb5]} Ke7 $1 26. Rxc8 Qf1+ {[%cal Gf1b5]} 27. Nc1 Qxb5 $19) 25...
Qxe2 26. Rxc7+ Kxc7 27. Qa7+ Kc8 28. Qa6+ Kd7 29. Qb7+ Ke8 $19) 24... Qf2 $1 {
[%cal Gf2e2,Gf2e1]} 25. Qxb5+ c6 26. Qb4 {[%csl Ge1]} cxd5 27. Rc1 (27. exd5 $2
Nxd5 28. Qd2 Ne3 29. c3 Nc4 30. Qc1 Qxf3 $17) 27... Qxe2 (27... Nc4 28. Nc3
dxe4 29. fxe4 Qd4 $15) 28. Qxb6 dxe4 29. fxe4 Qxe4 30. Qxd6 Rd8 31. Qf6 Qf4 32.
Qc6+ Kf8 33. a4 Kg7 1/2-1/2

[Event "EU-ch 3rd"]
[Site "Batumi"]
[Date "2002.06.18"]
[Round "7"]
[White "Shanava, Konstantine"]
[Black "Ehlvest, Jaan"]
[Result "0-1"]
[WhiteElo "2390"]
[BlackElo "2588"]
[Annotator "Finkel,A"]
[PlyCount "52"]
[EventDate "2002.06.12"]
[EventType "swiss"]
[EventRounds "13"]
[EventCountry "GEO"]
[SourceTitle "CBM 090"]
[Source "ChessBase"]
[SourceDate "2002.09.20"]
[SourceVersion "1"]
[SourceVersionDate "2002.09.20"]
[SourceQuality "1"]

1. e4 g6 2. d4 d6 3. Nc3 c6 4. Bg5 Bg7 5. Qd2 b5 6. f4 b4 7. Nd1 Qb6 8. e5 (8.
Nf3 Bg4 (8... d5 9. Nf2 Nf6 10. Bd3 dxe4 11. Nxe4 O-O 12. O-O Nbd7 13. f5 $36 {
Ulibin,M-Sichinava,R/Kstovo 1997}) 9. c3 Nf6 10. Bd3 d5 11. Bxf6 Bxf6 12. Ne5
Bc8 13. exd5 cxd5 14. O-O bxc3 15. bxc3 O-O $13 {Adamski,A-Filipowicz,A/Warsaw
1964}) (8. c3 Nf6 9. Bxf6 Bxf6 10. e5 bxc3 11. bxc3 Bg7 12. Nf3 O-O 13. Bd3 $13
{Grubisic,Z-Lombardy,W/Los Angeles 1987}) 8... f6 $5 (8... Nh6 9. Nf3 f6 10.
exf6 exf6 11. Bxh6 Bxh6 12. Nf2 O-O 13. O-O-O Qa5 14. Kb1 $36 {Zaichik,
G-D'Amore,C/New York 1990}) 9. exf6 Nxf6 $5 10. Nf2 c5 {Intending to develop
the knight to c6.} 11. dxc5 dxc5 12. Bc4 (12. O-O-O Be6 13. Nf3 Nc6 14. Bxf6
Bxf6 15. Ne4 Bg7 $132) 12... Nc6 13. Nf3 Na5 $1 $13 14. Be2 O-O 15. O-O Be6 16.
Ne5 Rad8 17. Qc1 (17. Qe3 Nd5 18. Qg3 Nc6) 17... Nd5 18. Nc4 $2 {Very
unfortunate move, blundering away the pawn.} Nxf4 $1 {Of course!} 19. Qxf4 {
No better is} (19. Bxf4 Nxc4 20. Nd3 Bf5 $17 {[%csl Rb2][%cal Gg7b2,Gf5d3]})
19... Nxc4 20. Qh4 Rd4 $1 21. Bg4 (21. Ne4 Bd5 22. Rxf8+ Bxf8 23. Bf3 Qc6 24.
Re1 Nd6 $19 {[%cal Gd4h4]}) 21... Bxg4 22. c3 (22. Nxg4 Rxf1+ 23. Rxf1 h5 $19)
22... Be2 23. cxd4 Bxd4 24. b3 Bxf1 25. Rxf1 Ne3 26. Re1 Ng4 $1 0-1

[Event "Copenhagen CU 75th"]
[Site "Copenhagen"]
[Date "2002.02.11"]
[Round "3"]
[White "Brinck Claussen, Bjorn"]
[Black "Mortensen, Erling"]
[Result "1-0"]
[WhiteElo "2359"]
[BlackElo "2441"]
[Annotator "Finkel,A"]
[PlyCount "67"]
[EventDate "2002.02.09"]
[EventType "tourn"]
[EventRounds "9"]
[EventCountry "DEN"]
[EventCategory "9"]
[SourceTitle "CBM 088"]
[Source "ChessBase"]
[SourceDate "2002.03.21"]
[SourceVersion "1"]
[SourceVersionDate "2002.03.21"]
[SourceQuality "1"]

1. e4 g6 2. d4 Bg7 3. Nc3 c6 4. Bc4 d6 5. Qf3 e6 6. Nge2 b5 7. Bb3 a5 8. a4 $5
(8. a3 Ba6 9. Be3 Nd7 10. O-O Ngf6 11. e5 $6 dxe5 12. Qxc6 Qc8 13. Qxc8+ Rxc8
$15 {Granda Zuniga,J-Bologan,V/New York 1997/CBM 57}) 8... b4 9. Nd1 Na6 {
Usually black prefers to develop the bishop to a6, and I have to admit that he
has the point! Black knight is awkwardly placed on a6, so 9...Na6?! may hardly
be recommended.} (9... Ba6 10. Ne3 (10. c3 Nd7 11. Bf4 (11. O-O d5 (11... Rb8
12. Bc2 c5 13. Ne3 Ngf6 14. Rd1 Qc7 15. Ng3 $14 {D'Costa,L-Webster,A/
Scarborough 1999/CBM 71}) 12. Re1 Ne7 13. Bg5 O-O 14. Ne3 h6 15. Bh4 g5 16. Bg3
Nf6 $13 {Gastiaburo,H-Tempone,M/Buenos Aires 1999/EXT 2000}) 11... Qe7 12. e5
dxe5 13. dxe5 Rc8 14. O-O g5 15. Bg3 h5 16. h4 $16 {Gormally,D-Webster,A/
Coulsden 1999/EXT 2000}) (10. Be3 Nd7 (10... d5 11. exd5 cxd5 12. c4 Ne7 13.
cxd5 Nxd5 14. Rc1 O-O 15. Bxd5 exd5 $15 {Geenen,M-Zilberman,N/Manila 1992/TD})
11. Nf4 Qe7 12. e5 d5 13. Rc1 c5 14. Bxd5 Rc8 15. Bc6 cxd4 16. Bxd4 Nh6 $132 {
Zimmermann,K-Zimmer,O/GER 1997/EXT 2000}) 10... Nf6 11. Bc4 Nxe4 $5 12. Bxa6
Ng5 13. Qf4 e5 14. dxe5 dxe5 15. Qg3 Nxa6 16. Nf5 gxf5 17. Bxg5 Qd6 $15 {
Kalugin,S-Ibragimov,I/Krasnodar 1998/EXT 2000}) 10. Ne3 $5 Nf6 11. Nc4 (11. h4
$5) 11... d5 12. exd5 cxd5 (12... exd5 13. Ne5 Bb7 14. Bg5 h6 15. Bh4 Nc7 16.
O-O O-O 17. Rfe1 $14) 13. Ne5 {[%csl Ra6]} Qc7 14. Bf4 Qb7 15. Qe3 $5 {[%cal
Gf4h6] Preparing to come to h6 with the bishop.} h5 $6 (15... h6 $5) 16. h4 Nb8
17. f3 Nc6 18. O-O-O $1 $16 {[%cal Gg2g4,Ge2g3] Black is deprived of any
counter-play meanwhile white's attack is quite dngerous.} Kf8 19. Kb1 Nd7 (
19... Nxe5 20. Bxe5 Bd7 21. Qf4 Ne8 22. g4 $16) 20. Nxd7+ Qxd7 21. g4 Ba6 22.
Ng3 Rc8 23. gxh5 gxh5 24. Rhg1 Rh7 25. Be5 $5 Nxe5 26. dxe5 {Black pieces
desperately lack coordintion!} Qe7 (26... Bc4 $2 27. Bxc4 Rxc4 28. Qd3 $18 {
[%csl Rd7][%cal Gd3c4,Gd3h7]}) 27. f4 Qxh4 28. Rh1 Qg4 (28... Qe7 29. Nxh5 Bh8
30. Ng3 $1 {[%csl Gh7]} Rxh1 31. Rxh1 Bg7 32. Nh5 Bh8 33. f5 $1 $18) 29. Rdg1
h4 30. Qb6 $1 Bc4 31. Qd6+ Ke8 (31... Kg8 32. Ne4 $1 {[%cal Gg1g8]} Qxf4 33.
Nf6+ Kh8 34. Qd7 Rf8 35. Nxh7 Kxh7 36. Bxc4 dxc4 37. Qe7 $18 {[%csl Rh4]}) 32.
Ne4 Bxb3 33. Nf6+ $1 Bxf6 34. exf6 {[%csl Re7]} 1-0

[Event "Linares Anibal op 08th"]
[Site "Linares"]
[Date "2001.01.16"]
[Round "9"]
[White "Odeev, Handszar"]
[Black "Arencibia Rodriguez, Walter"]
[Result "1-0"]
[WhiteElo "2472"]
[BlackElo "2534"]
[Annotator "Finkel,A"]
[PlyCount "55"]
[EventDate "2001.01.08"]
[EventType "swiss"]
[EventRounds "11"]
[EventCountry "ESP"]
[SourceTitle "CBM 081"]
[Source "ChessBase"]
[SourceDate "2001.03.20"]
[SourceVersion "1"]
[SourceVersionDate "2001.03.20"]
[SourceQuality "1"]

{[%mdl 48]} 1. e4 g6 2. d4 Bg7 3. Nc3 d6 4. Be3 a6 5. a4 b6 6. Be2 Bb7 (6... e6
7. Nf3 Bb7 8. O-O Nd7 9. Nd2 Ne7 10. Nb3 O-O 11. Qd2 Re8 12. Rfd1 a5 13. Bh6
$14 {Wach,M-Moser,E/ch-AUT 1999}) 7. Qd2 (7. Bf3 Nd7 8. Nge2 e5 9. d5 Ngf6 10.
g4 h5 11. g5 Nh7 12. h4 f6 13. Qd2 fxg5 14. hxg5 O-O 15. Bg2 Re8 16. Bh3 $14 {
Vetemaa,J-Heinimaki,L/Jyvaskyla We JyS 1998}) (7. Nh3 Nd7 8. O-O Ngf6 9. f3 O-O
10. Qd2 c6 11. Nf2 b5 12. Nd3 e5 $11 {Urban,K-Wojtkiewicz,A/55th chTeam-POL
1999}) 7... Nf6 8. f3 Nc6 $5 {Both sides play very strange chess (not to say
more) and it's very difficult to explain why exacty they made this or that
move.} 9. d5 Ne5 10. h3 $6 (10. f4 Ned7 11. Nf3 c6 12. O-O Nc5 $132) 10... c6
11. dxc6 Nxc6 12. Bf4 $6 Rc8 (12... O-O) 13. Nd5 Nd7 $2 ({Why not} 13... Nxd5
14. exd5 Nd4 15. Rc1 Rc5 $17 {with a winning position.}) 14. Bh6 Bxh6 15. Qxh6
e6 (15... Nd4) 16. Ne3 Nd4 17. Rd1 Nxe2 $2 {It seems that black on purpose
chooses not the best moves in the position!} (17... Nxc2+ 18. Nxc2 Rxc2 $17)
18. Nxe2 Qc7 19. O-O $14 {[%csl Rd6] Now white finally has an advantage!} Qc5 {
[%cal Gb5g1]} 20. Kh1 Ke7 21. Rd4 b5 22. Rfd1 Rc6 23. Qh4+ (23. b4 $5 Qe5 (
23... Qb6 24. Qg7 Rd8 25. a5 Qc7 26. Qxh7 $16) 24. Ng4 Qh5 25. Qg7 Rf8 26. Nf4
Qg5 27. axb5 axb5 28. g3 $18 {[%csl Rg5]}) 23... g5 24. Qh6 Nf6 (24... bxa4 $6
25. Nc4 Nf6 26. Nxd6 $18) 25. Ng3 Ne8 $2 (25... Qe5) 26. Ng4 bxa4 27. e5 $1 $18
Qxc2 (27... d5 28. Qxg5+ Kd7 29. c4 Rb6 30. Ne4 $18) (27... dxe5 28. Rd7#) 28.
exd6+ 1-0

[Event "Linares Anibal op 08th"]
[Site "Linares"]
[Date "2001.01.14"]
[Round "7"]
[White "Turov, Maxim"]
[Black "Franco Ocampos, Zenon"]
[Result "1-0"]
[WhiteElo "2546"]
[BlackElo "2482"]
[Annotator "Finkel,A"]
[PlyCount "69"]
[EventDate "2001.01.08"]
[EventType "swiss"]
[EventRounds "11"]
[EventCountry "ESP"]
[SourceTitle "CBM 081"]
[Source "ChessBase"]
[SourceDate "2001.03.20"]
[SourceVersion "1"]
[SourceVersionDate "2001.03.20"]
[SourceQuality "1"]

{[%mdl 18432]} 1. e4 g6 2. d4 Bg7 3. Nc3 d6 4. Bg5 a6 5. Qd2 b5 6. a4 $5 (6. f3
Nd7 7. h4 c5 8. dxc5 Nxc5 9. h5 Be6 10. h6 Be5 11. Nge2 $14 {Milu,R-Zaitsev,I/
Ciocaltea mem 1994}) (6. Nf3 Bb7 7. a4 (7. Bd3 c5 8. dxc5 dxc5 9. O-O-O c4 10.
Be2 Qxd2+ 11. Nxd2 Nd7 $11 {Yakovich,Y-Azmaiparashvili,Z/New York PCA-op 1994})
7... b4 8. Nd5 a5 9. Bd3 Nd7 10. Ne3 Ngf6 11. Bxf6 Bxf6 12. Qe2 Bg7 13. c3 $11
{Zelcic,R-Tkachiev,V/CRO-chT 1998}) (6. O-O-O Bb7 7. f4 Nd7 8. e5 f6 9. exf6
Ngxf6 10. Nf3 O-O 11. Qe1 c5 12. Qh4 b4 $36 {Jaracz,P-Sznapik,A/POL-ch 1991})
6... b4 7. Nd5 $5 {Quiet strange place for a knight in the begining of the
game.} a5 (7... c5 $5 8. c3 (8. dxc5 dxc5 9. Qf4 Kf8 10. O-O-O Nc6 11. Qg3 $13)
8... bxc3 9. bxc3 cxd4 10. cxd4 Bb7 11. Bc4 Nd7 12. Ne2 Ngf6 $11) 8. c3 c6 9.
Ne3 bxc3 10. bxc3 Nf6 11. Bd3 O-O ({An easy way to equality was} 11... Nbd7 12.
Nf3 Ba6 13. O-O O-O 14. Bxa6 Rxa6 (14... Nxe4 $2 15. Qd3 Ndc5 16. dxc5 Nxc5 $16
) 15. Qd3 Ra8 16. e5 dxe5 17. dxe5 Nd5 $11 18. Nxd5 cxd5 19. Qxd5 Nxe5 $1) 12.
Ne2 Ba6 13. O-O c5 14. Bxf6 $1 {Untypical, but nevertheless very strong idea -
white gives up his darksquared bishop and it turns out that it's very
difficult for black to get any counterplay.} Bxf6 15. dxc5 dxc5 16. Rfd1 Bb7 (
16... Bxd3 17. Qxd3 Qxd3 18. Rxd3 Nc6 19. Rd5 Rac8 20. Nc4 $14) 17. Rab1 Qc7
18. Qc2 e6 (18... Nd7 19. f4 e5 20. f5 Bg5 21. Nc4 Rfd8 $132) 19. f4 Be7 (19...
e5 $5) 20. e5 Nc6 21. Ng3 Rad8 22. Ne4 f6 $6 {Looking for counterchanses, but
just making white's task much easier.} (22... Nb8 23. Nc4 Bxe4 24. Bxe4 Rxd1+
25. Rxd1 Rd8 26. Rb1 $16) 23. exf6 Bxf6 24. g3 Bg7 (24... e5 $2 25. Qb3+ $18 {
[%cal Gb3g8,Gb3b7]}) (24... Be7) 25. Nxc5 Bc8 26. Qb3 Qa7 27. Qb6 Bxc3 $2 ({
The only chance was} 27... Qxb6 28. Rxb6 Nd4 $1 29. Rc1 (29. cxd4 $2 Bxd4 $13 {
[%cal Gd4b6,Gd4g1]}) 29... Nf5 30. Nxf5 exf5 $16 {and black may put up serious
resistance.}) 28. Qxc6 Bd4 29. Nxe6 Bxe3+ 30. Kg2 Bxe6 31. Qxe6+ Kg7 (31... Kh8
$2 32. Qe5+ Qg7 (32... Kg8 33. Bc4+ $18) 33. Qxe3) 32. Qe5+ Kh6 33. Qg5+ Kg7
34. Qe5+ Kh6 35. Bxg6 $1 (35. Bxg6 hxg6 36. Rxd8 Rxd8 37. Qg5+ Kg7 38. Qxd8 $18
) 1-0